Представление документа в формате RUSMARC

ПолеНазваниеЗначение
  Тип записи a
  Библиографический уровень m
001 Контрольный номер RU/SLIB/B/208763814
005 Дата корректировки 20201206204229.8
010 Индекс ISBN __
a ISBN 5-93618-025-5
d Цена 170-00
101 Язык документа 0_
a Язык текста rus
200 Заглавие и сведения об ответственности 0_
a Заглавие НПК: стратегия команды
f Первые сведения об ответственности авт. текста А. Г. Федоров
b Общее обозначение материала Текст
210 Выходные данные __
a Место издания М.
c Издательство ИНЭС
d Дата издания 2003
215 Физическое описание __
a Объем 431 с.
c Иллюстрации/тип воспроизводства цв. ил., цв. портр.
330 Аннотация __
a Аннотация Представлена пятилетняя история промышленного холдинга "Новые программы и концепции", отражены основные публикации в периодике.Приведены краткие материалы о компаниях, вошедших в холдинг. Для широкого круга.
601 Наименование организации как предмет __
a Наименование организации как предмет Новые программы и концепции, холдинг
606 Тематические рубрики __
a Основная рубрика Экономика
y Географическая подрубрика Россия ; РФ ; Российская Федерация
606 Тематические рубрики __
a Основная рубрика Экономика отдельных типов и видов организации (предприятий, фирм)
610 Ключевые слова __
a Ключевые слова холдинги; холдинговые компании; акционерные общества; акции; объединения; антикризисное управление
686 Индексы других классификаций __
a Классификационный индекс 65.292.34(2Рос)
801 Источник записи _0
a Страна RU
b Организация Муниципальное бюджетное учреждение культуры "Централизованная библиотечная система" г. Сургут (Центральная городская библиотека им. А. С. Пушкина)
g Правила каталогизации КиК/Котельникова
801 Источник записи _1
a Страна RU
b Организация Муниципальное бюджетное учреждение культуры "Централизованная библиотечная система" г. Сургут (Центральная городская библиотека им. А. С. Пушкина)
g Правила каталогизации КиК/Котельникова
852 Данные о местонахождении __
j Шифр хранения 65.292.34(2Рос)
c Каталожный индекс 65.292(2Рос)
i Авторский знак Н 86
p Инвентарный номер 04020847
901 Тип документа __
t Тип документа m
903 Характеристики (МАРС) __
a Дата передачи 20040213
990 Данные о заказе (DOS) __
t N записи в КСУ для И/У (DOS) 200402
j Количество экземпляров (DOS) 1